|
|
|
|
| LEADER |
02934nam a22006255i 4500 |
| 001 |
978-3-662-53357-4 |
| 003 |
DE-He213 |
| 005 |
20160830161534.0 |
| 007 |
cr nn 008mamaa |
| 008 |
160830s2016 gw | s |||| 0|eng d |
| 020 |
|
|
|a 9783662533574
|9 978-3-662-53357-4
|
| 024 |
7 |
|
|a 10.1007/978-3-662-53357-4
|2 doi
|
| 040 |
|
|
|d GrThAP
|
| 050 |
|
4 |
|a QA76.9.A25
|
| 072 |
|
7 |
|a UR
|2 bicssc
|
| 072 |
|
7 |
|a UTN
|2 bicssc
|
| 072 |
|
7 |
|a COM053000
|2 bisacsh
|
| 082 |
0 |
4 |
|a 005.8
|2 23
|
| 245 |
1 |
0 |
|a Financial Cryptography and Data Security
|h [electronic resource] :
|b FC 2016 International Workshops, BITCOIN, VOTING, and WAHC, Christ Church, Barbados, February 26, 2016, Revised Selected Papers /
|c edited by Jeremy Clark, Sarah Meiklejohn, Peter Y.A. Ryan, Dan Wallach, Michael Brenner, Kurt Rohloff.
|
| 264 |
|
1 |
|a Berlin, Heidelberg :
|b Springer Berlin Heidelberg :
|b Imprint: Springer,
|c 2016.
|
| 300 |
|
|
|a XII, 343 p. 45 illus.
|b online resource.
|
| 336 |
|
|
|a text
|b txt
|2 rdacontent
|
| 337 |
|
|
|a computer
|b c
|2 rdamedia
|
| 338 |
|
|
|a online resource
|b cr
|2 rdacarrier
|
| 347 |
|
|
|a text file
|b PDF
|2 rda
|
| 490 |
1 |
|
|a Lecture Notes in Computer Science,
|x 0302-9743 ;
|v 9604
|
| 520 |
|
|
|a This book constitutes the refereed proceedings of three workshops held at the 20th International Conference on Financial Cryptography and Data Security, FC 2016, in Christ Church, Barbados, in February 2016. The 22 full papers presented were carefully reviewed and selected from 49 submissions. They feature the outcome of the Second Workshop on Bitcoin and Blockchain Research, BITCOIN 2016, the First Workshop on Secure Voting Systems, VOTING 2016, and the 4th Workshop on Encrypted Computing and Applied Homomorphic Cryptography, WAHC 2016.
|
| 650 |
|
0 |
|a Computer science.
|
| 650 |
|
0 |
|a Computer security.
|
| 650 |
|
0 |
|a Data encryption (Computer science).
|
| 650 |
|
0 |
|a Application software.
|
| 650 |
|
0 |
|a Computers and civilization.
|
| 650 |
|
0 |
|a Management information systems.
|
| 650 |
|
0 |
|a E-commerce.
|
| 650 |
1 |
4 |
|a Computer Science.
|
| 650 |
2 |
4 |
|a Systems and Data Security.
|
| 650 |
2 |
4 |
|a Data Encryption.
|
| 650 |
2 |
4 |
|a e-Commerce/e-business.
|
| 650 |
2 |
4 |
|a Computer Appl. in Administrative Data Processing.
|
| 650 |
2 |
4 |
|a Computers and Society.
|
| 650 |
2 |
4 |
|a Management of Computing and Information Systems.
|
| 700 |
1 |
|
|a Clark, Jeremy.
|e editor.
|
| 700 |
1 |
|
|a Meiklejohn, Sarah.
|e editor.
|
| 700 |
1 |
|
|a Ryan, Peter Y.A.
|e editor.
|
| 700 |
1 |
|
|a Wallach, Dan.
|e editor.
|
| 700 |
1 |
|
|a Brenner, Michael.
|e editor.
|
| 700 |
1 |
|
|a Rohloff, Kurt.
|e editor.
|
| 710 |
2 |
|
|a SpringerLink (Online service)
|
| 773 |
0 |
|
|t Springer eBooks
|
| 776 |
0 |
8 |
|i Printed edition:
|z 9783662533567
|
| 830 |
|
0 |
|a Lecture Notes in Computer Science,
|x 0302-9743 ;
|v 9604
|
| 856 |
4 |
0 |
|u http://dx.doi.org/10.1007/978-3-662-53357-4
|z Full Text via HEAL-Link
|
| 912 |
|
|
|a ZDB-2-SCS
|
| 912 |
|
|
|a ZDB-2-LNC
|
| 950 |
|
|
|a Computer Science (Springer-11645)
|